Vlaggen van het Midden Oosten - Statistieken

Algemene statistieken
  • Deze quiz is 4.437 keer genomen
    2.577 sinds de laatste reset
  • De gemiddelde score is 14 van 17
Antwoordstatistieken
Foto Antwoord % Correct
Israël
99%
Turkije
98%
Saoedi-Arabië
95%
Cyprus
94%
Egypte
93%
Iran
92%
Libanon
92%
Qatar
92%
Irak
89%
Syrië
85%
Bahrein
81%
Jemen
79%
Verenigde Arabische Emiraten
76%
Oman
75%
Jordanië
73%
Koeweit
73%
Palestina
56%
Geen overeenkomende quizzen gevonden
Scoreverdeling
Procent van Mensen met Elke Score
Percentiel versus Aantal Correcte Antwoorden
Uw Scoregeschiedenis
U heeft deze quiz nog niet genomen sinds de laatste reset